| 000 | 00000nam 2200000za 4500 |
| 001 | 9.810056 |
| 003 | CaOODSP |
| 005 | 20221107140755 |
| 007 | cr ||||||||||| |
| 008 | 150406s2016 oncdb ob f000 0 eng d |
| 040 | |aCaOODSP|beng |
| 041 | |aeng|bfre |
| 043 | |an-cn--- |
| 086 | 1 |aFs70-5/2016-002E-PDF |
| 100 | 1 |aKatopodis, C. |
| 245 | 10|aFish swimming performance database and analyses |h[electronic resource] / |c[by] C. Katopodis and R. Gervais. |
| 260 | |aOttawa : |bFisheries and Oceans Canada, |c2016. |
| 300 | |avi, 550 p. : |btables, maps, graphs, figs, photos. |
| 490 | 1 |aCanadian Science Advisory Secretariat research document, |x1919-5044 ; |v2016/002, Central and Arctic Region |
| 500 | |aJanuary 2016. |
| 504 | |aIncludes bibliographic references. |
| 546 | |aText in English, abstract in English and French. |
| 692 | 07|2gccst|aSalt water fish |
| 700 | 1 |aGervais, R. |
| 710 | 1 |aCanada. |bDepartment of Fisheries and Oceans. |
| 710 | 2 |aCanadian Science Advisory Secretariat. |
| 830 | #0|aResearch document (Canadian Science Advisory Secretariat)|x1919-5044 ; |v2016/002, Central and Arctic Region|w(CaOODSP)9.507396 |
| 856 | 40|qPDF|s19.06 MB|uhttps://publications.gc.ca/collections/collection_2016/mpo-dfo/Fs70-5-2016-002-eng.pdf |